| 000 | 00307nam a2200097Ia 4500 | ||
|---|---|---|---|
| 008 | 220204s9999 xx 000 0 und d | ||
| 082 |
_a338.26:630(548.3) _bKER |
||
| 245 | 0 | _aKerala forest department Third five year plan 1961-62: Detailed schemes | |
| 260 |
_aTrivandrum _bKerala Forest Dept _c1961 |
||
| 942 | _cBK | ||
| 999 |
_c22301 _d22301 |
||